| 000 | 01435cam a22004333a 4500 | ||
|---|---|---|---|
| 001 | 3163 | ||
| 003 | FISKH | ||
| 005 | 20240215091509.0 | ||
| 008 | 981223s1999 nyua j 000 1 eng d | ||
| 010 | _a 99610228 | ||
| 020 | _a0590819143 (pbk.) : | ||
| 020 | _a078073003990 | ||
| 035 | _a(OCoLC)ocm40539481 | ||
| 040 |
_aBKL _cBKL _dOCL _dOHI _dOCL _dDLC _beng |
||
| 050 | _aPN1992.S35 | ||
| 082 | 0 | 4 |
_a[Fic] _221 |
| 100 | 1 | _aGelsey, James. | |
| 245 | 1 | 0 |
_aScooby-Doo! and the snow monster / _cwritten by James Gelsey. |
| 260 |
_aNew York : _bScholastic, _c1999. |
||
| 300 |
_a57 pages : _bcolor illustrations ; _c20 cm |
||
| 490 | 1 |
_aScooby-Doo mysteries ; _vBook 3 |
|
| 500 | _aAt head of title: Cartoon Network. | ||
| 500 | _a"A little apple paperback." | ||
| 505 | _aN | ||
| 520 | _aOn a weekend ski trip, Scooby-Doo and the gang find that rumors about a snow monster on the ski slopes are keeping people away. | ||
| 521 |
_a590
_bLexile |
||
| 521 |
_aN
_bRaz-Plus |
||
| 650 | 0 |
_aDogs _vJuvenile fiction. |
|
| 650 | 0 |
_aSki resorts _vJuvenile fiction. |
|
| 650 | 0 |
_aSnow _vJuvenile fiction. |
|
| 650 | 0 |
_aMonsters _vJuvenile fiction. |
|
| 650 | 0 |
_aDogs _vFiction. |
|
| 650 | 0 |
_aSnow _vFiction. |
|
| 650 | 0 |
_aMonsters _vFiction. |
|
| 655 | 7 |
_aChildren's stories. _2lcsh |
|
| 710 | 2 | _aCartoon Network (Television network) | |
| 906 |
_a7 _bcbc _ccopycat _d2 _encip _f19 _gy-genrareb |
||
| 942 |
_2ddc _cBK _n0 |
||
| 999 |
_c3163 _d3163 |
||